Statistics for Sports Emojis

Click here to take the quiz!

General Stats

  • This quiz has been taken 189 times
  • The average score is 28 of 35

Answer Stats

EmojiSport/Activity% Correct
🏀Basketball
99%
🎳Bowling
97%
🎾Tennis
96%
🏈Football (American)
96%
Golf
96%
🥊Boxing
95%
Baseball
94%
🏒Ice Hockey
92%
🏊‍♂️Swimming
92%
🏑Field Hockey
92%
Soccer
92%
Ice Skating
91%
🏓Ping Pong
91%
🏄Surfing
89%
🚴Cycling
88%
🏹Archery
86%
🏐Volleyball
85%
🤼Wrestling
82%
🎿Skiing
82%
🥋Martial Arts
81%
🎱Pool
81%
🎣Fishing
81%
🏏Cricket
79%
🏉Rugby
78%
🏸Badminton
75%
🏂Snowboarding
72%
🏋Weightlifting
71%
🧗Climbing
70%
🏇Horse Racing
70%
🥏Frisbee
65%
🚣‍♀️Rowing
62%
🥍Lacrosse
56%
🥌Curling
54%
🥎Softball
53%
🛷Sledding
40%

Score Distribution

Percentile by Number Answered

Percent of People with Each Score

Your Score History

You have not taken this quiz